| 000 | 00965cab a2200181 4500 | ||
|---|---|---|---|
| 001 | ##L131900 | ||
| 008 | 051214n2005 000 0 eng u | ||
| 035 | _a(Sirsi) u131900 | ||
| 041 | 0 | _aeng | |
| 100 | 1 | _aThompson, Max | |
| 245 | 0 | 0 | _aForward pass? |
| 260 | _c2005 | ||
| 490 | 0 |
_aQS Week _v(34) 14 December 2005, 14-15(2) |
|
| 520 | _aExamines the possible implications for the construction industry of the proposed incorporation of the Welsh Development Agency into the Welsh Assembly. Fears have been expressed by some in the industry about the effectiveness of the Assembly, and there is a perception that it is biased against the private sector, particularly PFI and PPP projects. Others, however, regard the merger as a positive step, leading to investment becoming more streamlined and efficient. Also contains 12 month tables for projects and firms in Wales. | ||
| 590 | _aIKA030106 | ||
| 690 | _aBUILT ENVIRONMENT-CONSTRUCTION MARKET | ||
| 942 | _n0 | ||
| 999 |
_c76286 _d76286 |
||